000 00501nam a2200181Ia 4500
001 44830
008 140428s9999 xx 000 0 und d
020 _aNA
040 _cPK-LaUMT
082 _aRHC 891.4394
_bENT-
100 _aMasood Hasan Shahab
245 _aEntiqaadiyaat number .[Serial: Al-Zubair, six monthly] (Urdu)
_cMasood Hasan Shahab
260 _aBahawalpur,Pakistan:
_bUrdu Academy,
_c1986
300 _a340 p.
546 _aUR
650 _aPakistani literature-Urdu
942 _cBK
999 _c42809
_d42809